Label all 15 Entities from the Magnus Archives - Statistics

General Stats
  • This quiz has been taken 328 times
  • The average score is 14 of 15
Answer Stats
Answer % Correct
The Beholding
99%
The Stranger
98%
The Vast
97%
The End
96%
The Desolation
95%
The Hunt
95%
The Web
95%
The Flesh
94%
The Buried
93%
The Corruption
93%
The Dark
93%
The Lonely
93%
The Spiral
93%
The Slaughter
89%
The Extinction
84%
No matching quizzes found
Score Distribution
Percent of People with Each Score
Percentile by Number Answered
Your Score History
You have not taken this quiz